مكتبة جامعة عجلون الوطنية

فهرس بحث المكتبة

عمان في ماضيها وحاضرها / (Record no. 34123)

MARC details
000 -LEADER
fixed length control field 00795nam a22002057a 4500
003 - CONTROL NUMBER IDENTIFIER
control field JO-AjAnu
005 - DATE AND TIME OF LATEST TRANSACTION
control field 20251018120406.0
008 - FIXED-LENGTH DATA ELEMENTS--GENERAL INFORMATION
fixed length control field 251018b jo ||||| |||| 00| 0 ara d
040 ## - CATALOGING SOURCE
Original cataloging agency JO-AjAnu
Language of cataloging ara
Transcribing agency JO-AjAnu
Modifying agency JO-AjAnu
Description conventions rda
041 ## - LANGUAGE CODE
Language code of text/sound track or separate title ara
Language code of original ara
050 ## - LIBRARY OF CONGRESS CALL NUMBER
Classification number DS154.9.
Item number A5.A2 2021
100 #1 - MAIN ENTRY--PERSONAL NAME
Personal name العابدي، محمود
Relator term مؤلف
9 (RLIN) 66875
245 #0 - TITLE STATEMENT
Title عمان في ماضيها وحاضرها /
Statement of responsibility, etc. تاليف محمود العابدي
260 ## - PUBLICATION, DISTRIBUTION, ETC.
Place of publication, distribution, etc. عمان :
Name of publisher, distributor, etc. وزارة الثقافة،
Date of publication, distribution, etc. 2021
300 ## - PHYSICAL DESCRIPTION
Extent 188 صفحة
490 ## - SERIES STATEMENT
Series statement سلسلة مكتبة الاسرة-تراث ودراسات اردنية 811
504 ## - BIBLIOGRAPHY, ETC. NOTE
Bibliography, etc. note يحيوي على صور، يحتوي على فهرس وكشاف
650 70 - SUBJECT ADDED ENTRY--TOPICAL TERM
Topical term or geographic name entry element عمان-الاردن-آثار-تاريخ
9 (RLIN) 66876
942 ## - ADDED ENTRY ELEMENTS (KOHA)
Source of classification or shelving scheme Library of Congress Classification
Koha item type Books
Suppress in OPAC No
Holdings
Withdrawn status Lost status Source of classification or shelving scheme Damaged status Not for loan Home library Current library Date acquired Total Checkouts Full call number Barcode Date last seen Price effective from Koha item type
    Library of Congress Classification     مكتبة جامعة عجلون الوطنية مكتبة جامعة عجلون الوطنية 18/10/2025   DS154.9.A5.A2 2021 a30547 18/10/2025 18/10/2025 Books
    Library of Congress Classification     مكتبة جامعة عجلون الوطنية مكتبة جامعة عجلون الوطنية 18/10/2025   DS154.9.A5.A2 2021 a30548 18/10/2025 18/10/2025 Books